Responses for Show #4424 - Thursday, November 27, 2003

Game data retrieved from an alternate archive.

Contestants

[<< previous game]

Alan Cummings, a teacher from Las Vegas, Nevada

Kathy Chappell, a writer from Burke, Virginia

Karen Kratzer, a tax accountant from Annapolis, Maryland (whose 2-day cash winnings total $42,701)

[next game >>]

Jeopardy! Round responses

A THANKSGIVING FEAST
UNIVERSITY STATE
DEAD RINGERS
HOT SAX
QUITE A COUP
TERM COINERS
    $200 1
thaw

Kathy
    $200 2
California

Kathy
    $200 10
Quasimodo

Alan
    $200 16
Lisa Simpson

Karen
    $200 17
Fidel Castro

Kathy
    $200 21
football

Kathy
    $400 7
Jell-O (gelatin) salad

Karen
    $400 3
Texas

Kathy
    $400 11
operator

Alan
    $400 20
tenor

Alan
    $400 18
Ankara

Kathy
    $400 22
(Kathy: What is Tyrannosaurus rex?)

dinosaur

Kathy
Triple Stumper
    $600 8
eggs

Kathy
    $600 4
New York

Karen
    $600 12
(Karen: What is Chicago?)

Minneapolis

Karen
Triple Stumper
    $600 28
Kenny G

Kathy
    $600 19
(Alan: What is Cambodia?)

South Vietnam

Alan
Triple Stumper
    $600 23
(Alan: What is neutron?)

neutrino

KarenAlan
    $800 9
stuffing

Karen
    $800 5
Pennsylvania

Kathy
    $800 13
Gandalf

Kathy
    $800 29
(Alan: What is Family Feud?)

The Benny Hill Show

Alan
Triple Stumper
    $800 26
(Alan: What is Afghanistan?)

Pakistan

Alan
Triple Stumper
    $800 24
critics

Triple Stumper
    $1000 15
candying

Triple Stumper
    $1000 6
Georgia

Kathy
    $1000 14
Lord Peter Wimsey

Kathy
    $1000 30
(Karen: What is The Tonight Show?)
(Alan: Who is David Letterman?)

The Arsenio Hall Show

KarenAlan
Triple Stumper
    $1000 27
(Karen: What is East Timor?)

Fiji

Karen
Triple Stumper
    $800 25
survival of the fittest

Karen

Scores at the first commercial break (after clue 15):

Karen Kathy Alan
$1,200 $5,000 $600

Scores at the end of the Jeopardy! Round:

Karen Kathy Alan
$800 $6,000 -$2,800

Double Jeopardy! Round responses

ECONOMICS
SPORTS NUMBERS
BODY PARTS BY PREFIX
ITALIAN AMERICANS
WRITERS ON FILM
"X" MARKS THE SPOT
    $400 16
inflation

Kathy
    $400 11
blood

Kathy
    $400 17
Henry Mancini

Alan
    $400 3
My Left Foot

Kathy
    $400 1
Xerox paper

Alan
    $800 22
(Karen: What is printing new money?)

taxation

Karen
Triple Stumper
    $800 12
kidneys

Karen
    $800 18
(Kathy: What is the National Education Association?)

the National Endowment for the Arts

KathyAlan
    $800 4
Dorothy Parker

Karen
    $800 2
x-rays

Kathy
    $1200 23
demand

Karen
    $1200 13
ear

Karen
    $2,000 19
(Alan: Who was... begins with an "S"...)

John Sirica

Alan
    $1200 6
Iris Murdoch

Triple Stumper
    $1200 5
Malcolm X

Kathy
    $1600 24
(Karen: What is the GDP?)
(Alan: What is the GNP?)

the balance of trade

KarenAlan
Triple Stumper
    $1600 14
liver

Alan
    $1600 20
(Karen: Who is DiDomenici?)

Domenici

KarenAlan
    $2,000 7
Christopher Marlowe

Kathy
    $1600 9
xylem

Alan
    $2000 25
[The end-of-round signal sounds.]

the business cycle

Triple Stumper
    $2000 15
eyelids

Karen
    $2000 21
Maria Bartiromo

Karen
    $2000 8
Pablo Neruda

Triple Stumper
    $2000 10
the X-15

Triple Stumper

Scores at the end of the Double Jeopardy! Round:

Karen Kathy Alan
$4,800 $10,400 $0
(lock game)

[wagering suggestions for these scores]

Final Jeopardy! Round responses

LONG-RUNNING TV SHOWS
[Final Jeopardy! responses approximate.]
KarenWhat is Cheers?
$4,000
KathyWhat is Cheers?
$400
Cheers

Final scores:

Karen Kathy Alan
$8,800 $10,800 $0
2nd place: $2,000 New champion: $10,800 3rd place: $1,000

Game dynamics:

Coryat scores:

Karen Kathy Alan
$5,000 $10,000 $2,000
12 R
(including 1 DD),
6 W
18 R
(including 1 DD),
2 W
9 R,
7 W
(including 1 DD)

Combined Coryat: $17,000

[game clues] [game scores] [suggest correction]

Game tape date: 2003-08-27
The J! Archive is created by fans, for fans. Scraping, republication, monetization, and malicious use prohibited; this site may use cookies and collect identifying information. See terms. The Jeopardy! game show and all elements thereof, including but not limited to copyright and trademark thereto, are the property of Jeopardy Productions, Inc. and are protected under law. This website is not affiliated with, sponsored by, or operated by Jeopardy Productions, Inc. Join the discussion at JBoard.tv.